000 00596nam a2200217Ia 4500
003 OSt
005 20221007071945.0
006 a|||||r|||| 00| 0
007 ta
008 221006b |||||||| |||| 00| 0 eng d
024 _a24,449
037 _cReports / Technical Reports
040 _aFLL
_cFLL
_beng
041 _2eng
_aeng
082 _aZ3,2673qN77, L7
245 0 _aPatents act 1977
260 _aLondon
_bMajesty's Stationery Office UK
_c1977
300 _avi,124p
_ccm.
942 _hZ3,2673qN77, L7
_cREP
_2CC
999 _c1144780
_d1144780